| 000 | 00344nam a22001337a 4500 | ||
|---|---|---|---|
| 020 | _qPB. | ||
| 040 | _cFIZZA ISHAQ | ||
| 082 |
_a005.11 _bMIC |
||
| 100 |
_aREINDERS,JAMES MC MICHAEL. _989341 |
||
| 245 |
_aSTRUCTURED PARALLEL PROGRAMMING / _cMICHAEL MC JAMES REINDERS. |
||
| 260 |
_aNEW YORK ; _c2012. |
||
| 300 | _a406 P. ; | ||
| 942 |
_2ddc _cBK |
||
| 999 |
_c588108 _d588108 |
||